| 000 | 00864nac a22003130a 4500 | ||
|---|---|---|---|
| 001 | PT35084 | ||
| 003 | AR-LpoUNG | ||
| 005 | 20210201005338.0 | ||
| 008 | 201001s1972||||xxk|||||||||||||||||eng d | ||
| 040 |
_aAR-LpoUNG _bspa _eaacr |
||
| 041 | _aeng | ||
| 044 | _axxk | ||
| 082 | 0 | _a428 482v8 | |
| 100 | 1 | _aThomson, A. J. | |
| 245 | 1 | 0 | _aPresent, past and past perfect tenses |
| 250 | _a1ra. ed. | ||
| 260 |
_aLondon : _bOxford University, _c1972. |
||
| 300 |
_a47 p. : _bil., tbls. _a(10 _fVolúmenes) _3Impreso |
||
| 490 | 0 | _aA practical english grammar for foreign students : exercises | |
| 650 | 4 | _aAPRENDIZAJE | |
| 650 | 4 | _aCOMUNICACION | |
| 650 | 4 | _aENSEÑANZA DE IDIOMAS | |
| 650 | 4 | _aGRAMATICA | |
| 650 | 4 | _aLENGUA INGLESA | |
| 651 | 4 | _aDOCUMENTOS TEORICOS O METODOLOGICOS | |
| 700 | 1 | _aMartinet, A. V. | |
| 905 | _a35084 | ||
| 942 | _cLIB | ||
| 999 |
_c49224 _d49224 |
||